000 00264nam a22001217a 4500
003 OSt
008 250106b |||||||| |||| 00| 0 eng d
041 _aeng
082 _a547
100 _aBahl & Bahl
_96779
245 _aText Book of Organic Chemistry
942 _cBK
999 _c18938
_d18938